000 00466nam a2200157 i 4500
001 35961
003 ES-MaACL
005 20230906155247.0
007 t|
008 030214s1882 fr ||||1| fre d
100 1 _aBourdeau, Louis.
_930956
245 1 0 _aThéorie des sciences
_b: plan de science intégrale /
_cpar Louis Bourdeau.
260 _aParís :
_bGermer Baillière et Cie,
_c1882 (
_fMartinet)
300 _a2 v. ;
_c22 cm.
852 _aES-MaACL
_jF-12749-50
999 _c35961
_d35961